00466nam a2200181Ia 4500008004100000020001800041050001400059100002200073245002900095245002500124260002100149260003200170260000900202300001400211300002500225300001000250440002400260180207s9999 xx 000 0 und d a9780861637909 bT167 1987 aTanner, Suzy-Jane aJack and the beanstalk / cby Suzy-Jane Tanner. aNottingham, UK : bAward Publications Limited, c1987 aunpaged : bcolor illustration ; c24cm. aRead along with me.